=LDR 00000nam 2200000 4500 =001 INLIS000000000019773 =005 20200318031725 =035 ##$$a 0010-061300000019773 =008 200318################g##########0#ind## =041 ##$$a Ind =082 ##$$a 2x1.3 =090 ##$$a 2x1.3, Ter t =245 1#$$a Terjemahan singkat tafsir ilmu katsir jilid 4 /$c Ibnu Katsier =260 ##$$a Surabaya :$b Bina Ilmu,$c 1988 =300 ##$$a xxvii, 610 hlm., ; $c 13 x 19 cm =650 #4$$a Tafsir-terjemahan =850 ##$$a NBPNMAT =084 ##$$a 2x1.3 KAT t =100 1#$$a Katsier =990 ##$$a 00045653 =990 ##$$a 00045653